Nommez un film valide - Christopher Nolan - Statistiques

Statistiques générales
  • Ce quiz a été pris 122 fois
  • Le résultat moyen est 9 sur 10
Statistiques - réponses
Nommez un film de Christopher Nolan... Réponses possibles % Correct
dont le titre commence par la lettre i Insomnia / Inception / Interstellar
100%
sorti en 2020 ou après Tenet / Oppenheimer
98%
de science-fiction Inception / Interstellar / Tenet
94%
qui est la suite d'un autre film The Dark Knight : Le Chevalier noir / The Dark Knight Rises
94%
inspiré d'une histoire vraie Dunkerque / Oppenheimer
91%
avec Anne Hathaway The Dark Knight Rises / Interstellar
87%
co-écrit avec son frère, Jonathan Nolan Le Prestige / The Dark Knight : Le Chevalier noir / The Dark Knight Rises / Interstellar
84%
sorti en 2000 ou avant Following, le suiveur / Memento
76%
avec Ken Watanabe Batman Begins / Inception
73%
directement adapté (pas inspiré) d'une oeuvre déjà existante Insomnia / Le Prestige / Oppenheimer
68%
Aucun quiz correspondant
Distribution des résultats
% des personnes avec chaque résultat
Percentile par nombre de réponses
Votre historique - résultats
Vous n’avez pas pris ce quiz